000 00555nam a2200181Ia 4500
001 9553
003 GE_BSU
008 181216s||||||||xx |||||||||||||| ||und||
040 _cGE_BSU
245 _aДипломатическая служба. №2 2014.
245 _bНаучно-практический журнал
245 _cгл. ред. Николенко Валерий Дмитриевич.
260 _aМосква
260 _c2014
300 _a73стр.28см.
653 _aДипломатическая служба
942 _cCR
999 _c42847
_d42847